Statystyki dla Kraje mające dostęp do morza czerwonego

Kliknij tutaj aby rozwiązać quiz!

Ogólne statystyki

  • Ten quiz został rozwiązany 75 razy
  • Średni wynik to 7 z 8

Statystyki odpowiedzi

KontynentKraj% Poprawnych
AfrykaEgipt
100%
AzjaArabia Saudyjska
96%
AzjaJemen
96%
AzjaIzrael
93%
AzjaJordania
86%
AfrykaSudan
86%
AfrykaErytrea
83%
AfrykaDżibuti
73%

Rozkład punktacji

Percentyl według liczby udzielonych odpowiedzi

Procent ludzi z każdym wynikiem

Twoja historia wyników

Nie rozwiązałeś tego quizu